|
|
|
|
| LEADER |
00000cam a2200000 7i4500 |
| 001 |
0000007208 |
| 005 |
20151222.0 |
| 008 |
070828 |
| 020 |
|
|
|a 9833547117
|
| 090 |
0 |
0 |
|a JF
|b REG MAL (8513)
|
| 100 |
0 |
|
|a Rosmah Mat Khalil
|
| 245 |
1 |
0 |
|a Sahabat-sahabat Rasulullah
|c Rosmah Mat Khalil
|
| 260 |
|
|
|a Kuala Lumpur :
|b Jurus Prinsip Sdn.Bhd ,
|c 2006
|
| 440 |
|
|
|a Siri mukmin terbilang
|
| 500 |
|
|
|a Children ages 7-9 years old (orange)
|
| 650 |
|
0 |
|a Religion
|x Fiction
|
| 999 |
|
|
|a 0000946557
|b Book
|c Children Collection
|e Cawangan Taman Sri Lambak
|
| 999 |
|
|
|a 0000946558
|b Book
|c Children Collection
|e Cawangan Taman Sri Lambak
|
| 999 |
|
|
|a 0000946559
|b Book
|c Children Collection
|e Cawangan Taman Sri Lambak
|
| 999 |
|
|
|a 0000988796
|b Book
|c Children Collection
|e Cawangan Mersing
|
| 999 |
|
|
|a 0000988797
|b Book
|c Children Collection
|e Perbadanan Perpustakaan Awam Johor
|
| 999 |
|
|
|a 0000988798
|b Book
|c Children Collection
|e Perbadanan Perpustakaan Awam Johor
|
| 999 |
|
|
|a 0000988799
|b Book
|c Children Collection
|e Cawangan Kota Tinggi
|
| 999 |
|
|
|a 0000988800
|b Book
|c Children Collection
|e Cawangan Pontian
|